The entrepreneurial investor : The art, science, and business of value investing

Salvato in:
Dettagli Bibliografici
Natura: Sách
Lingua:Undetermined
Pubblicazione:  Wiley  2008
Soggetti:
Tags: Aggiungi Tag
Nessun Tag, puoi essere il primo ad aggiungerne! !
Thư viện lưu trữ: Trung tâm Thư viện - Trường Đại học Công nghiệp TP. Hồ Chí Minh
LEADER 00442nam a2200133Ia 4500
001 UIH_07201
008 231011s9999 xx 000 0 und d
082 |a  332.678 
245 0 |a  The entrepreneurial investor : The art, science, and business of value investing 
260 |b  Wiley 
260 |c  2008 
650 |a  Đầu tư;  
927 |a Sách 
980 |a Trung tâm Thư viện - Trường Đại học Công nghiệp TP. Hồ Chí Minh